[Event "Gojas State-ch"]
[Site "Goiania"]
[Date "2021.12.03"]
[Round "2"]
[White "De Miranda, Alexandre Pinto"]
[Black "Labussiere, Yago"]
[Result "0-1"]
[WhiteElo "2079"]
[BlackElo "2179"]
[PlyCount "110"]
[EventDate "2021.12.03"]
[EventType "swiss"]
[EventRounds "6"]
[EventCountry "BRA"]
[SourceTitle "EXT 2023"]
[Source "ChessBase"]
[SourceDate "2022.10.05"]
[SourceVersion "1"]
[SourceVersionDate "2022.10.05"]
[SourceQuality "1"]

1. d4 d5 2. Nf3 Nf6 3. Bf4 c5 4. c3 Nc6 5. e3 Qb6 6. Qc1 Bf5 7. Nh4 Bg4 8. h3 Bh5 9. g4 Bg6 10. Nxg6 hxg6 11. Bg2 e6 12. Nd2 Rc8 13. Nb3 Nd7 14. 0-0 a5 15. Qb1 Be7 16. e4 dxe4 17. Qxe4 cxd4 18. Nxd4 Nf6 19. Qe2 0-0 20. Nxc6 bxc6 21. c4 Bc5 22. Rfd1 Bd4 23. Rd2 Qc5 24. Rad1 e5 25. Be3 Bxe3 26. fxe3 e4 27. Rd4 Qe5 28. Qf2 Rb8 29. R1d2 c5 30. Rd6 Rxb2 31. Rxb2 Qxd6 32. g5 Nh5 33. Bxe4 Qe5 34. Bd5 Qxg5+ 35. Kh1 Ng3+ 36. Kh2 Nf1+ 37. Kh1 Ng3+ 38. Kh2 Nf1+ 39. Kh1 Nxe3 40. Bf3 Qh6 41. Kh2 Qf4+ 42. Kh1 Nf5 43. Bd5 Qxf2 44. Rxf2 Ne3 45. Rd2 Kh7 46. Rd3 Nc2 47. Bf3 Nd4 48. Bd5 Rb8 49. Ra3 Rb1+ 50. Kg2 Ne2 51. Bxf7 Nf4+ 52. Kg3 Nh5+ 53. Kh4 Rg1 54. Rxa5 Kh6 55. Ra6 Nf6 0-1

[Event "Goiania Barbosa Nunes Cup 1st"]
[Site "Goiania"]
[Date "2021.10.15"]
[Round "1"]
[White "De Miranda, Alexandre Pinto"]
[Black "Silva, Maria Vitoria de So"]
[Result "1-0"]
[WhiteElo "2078"]
[BlackElo "1192"]
[PlyCount "42"]
[EventDate "2021.10.15"]
[EventType "swiss"]
[EventRounds "6"]
[EventCountry "BRA"]
[SourceTitle "EXT 2023"]
[Source "ChessBase"]
[SourceDate "2022.10.05"]
[SourceVersion "1"]
[SourceVersionDate "2022.10.05"]
[SourceQuality "1"]

1. e4 c5 2. Nc3 g6 3. g3 Bg7 4. Bg2 Nc6 5. d3 d6 6. Be3 e6 7. Qd2 Rb8 8. Nce2 Nd4 9. h4 Ne7 10. h5 0-0 11. 0-0-0 b5 12. Bh6 b4 13. hxg6 Nxe2+ 14. Nxe2 Bxb2+ 15. Kxb2 fxg6 16. Bxf8 Qxf8 17. Qh6 Qf7 18. Rh4 Nc6 19. Rf4 Qd7 20. Rh1 Rb7 21. d4 e5 1-0

[Event "Goiania-ch"]
[Site "Goiania"]
[Date "2016.02.21"]
[Round "5"]
[White "De Miranda, Alexandre Pinto"]
[Black "Da Silva Filho, Jair Humberto"]
[Result "0-1"]
[WhiteElo "2100"]
[BlackElo "1973"]
[PlyCount "66"]
[EventDate "2016.02.19"]
[EventType "swiss"]
[EventRounds "6"]
[EventCountry "BRA"]
[SourceTitle "CBM 171 Extra"]
[Source "ChessBase"]
[SourceDate "2016.04.26"]
[SourceVersion "1"]
[SourceVersionDate "2016.04.26"]
[SourceQuality "1"]

1. e4 c5 2. Nc3 Nc6 3. g3 g6 4. Bg2 Bg7 5. d3 d6 6. Be3 Nf6 7. h3 0-0 8. f4 Rb8 9. Nge2 Bd7 10. g4 b5 11. g5 Ne8 12. Qd2 a5 13. h4 b4 14. Nd1 a4 15. Rb1 Nc7 16. h5 Nb5 17. Ng3 Nbd4 18. 0-0 Be6 19. f5 Bxa2 20. Ra1 b3 21. f6 exf6 22. Nf2 Nxc2 23. Ng4 Nxe3 24. Nxf6+ Bxf6 25. gxf6 Ng4 26. Qg5 Nce5 27. Bh3 Nxf6 28. Kg2 Nxh5 29. Qh6 Qh4 30. Nxh5 Qxh5 31. Qe3 h6 32. Rf4 Qg5+ 33. Kh1 Nxd3 0-1

[Event "Goiania Gomes Memorial"]
[Site "Goiania"]
[Date "2013.12.06"]
[Round "5"]
[White "De Miranda, Alexandre Pinto"]
[Black "Garcia, Gabriel Gonzaga"]
[Result "1-0"]
[WhiteElo "2098"]
[BlackElo "1951"]
[PlyCount "73"]
[EventDate "2013.11.30"]
[EventType "tourn"]
[EventRounds "9"]
[EventCountry "BRA"]
[SourceTitle "EXT 2015"]
[Source "ChessBase"]
[SourceDate "2014.11.20"]
[SourceVersion "1"]
[SourceVersionDate "2014.11.20"]
[SourceQuality "1"]

1. e4 c6 2. d4 d5 3. e5 Bf5 4. g4 Be4 5. f3 Bg6 6. Ne2 e6 7. h4 f6 8. Nf4 Bf7 9. Nd3 Nd7 10. Nc3 fxe5 11. Nxe5 Nxe5 12. dxe5 Be7 13. g5 h6 14. f4 hxg5 15. fxg5 d4 16. Ne2 Qa5+ 17. Qd2 Bb4 18. c3 dxc3 19. bxc3 Qxe5 20. cxb4 Qxa1 21. Bg2 Rd8 22. Qf4 Ne7 23. 0-0 Bh5 24. Be3 Rd1 25. Qb8+ Kd7 26. Qxb7+ Kd8 27. Bc5 Rxf1+ 28. Bxf1 Re8 29. Nd4 Qxd4+ 30. Bxd4 Nf5 31. Qb8+ Ke7 32. Bc5+ Kf7 33. Qxa7+ Kg8 34. b5 cxb5 35. Bxb5 Rd8 36. Bd7 Nxh4 37. Be7 1-0

[Event "Goiania-ch Phase 04 "]
[Site "Goiania"]
[Date "2013.11.09"]
[Round "4"]
[White "De Miranda, Alexandre Pinto"]
[Black "Rezende, Guilherme Vilela"]
[Result "1-0"]
[WhiteElo "2087"]
[BlackElo "2141"]
[PlyCount "93"]
[EventDate "2013.11.08"]
[EventType "swiss"]
[EventRounds "6"]
[EventCountry "BRA"]
[SourceTitle "EXT 2016"]
[Source "ChessBase"]
[SourceDate "2015.10.08"]
[SourceVersion "1"]
[SourceVersionDate "2015.10.08"]
[SourceQuality "1"]

1. Nc3 c5 2. e4 d6 3. g3 Nc6 4. Bg2 g6 5. d4 Bg7 6. Be3 e6 7. Qd2 Nge7 8. Bh6 0-0 9. h4 Bxh6 10. Qxh6 f6 11. g4 Kh8 12. 0-0-0 b5 13. Qe3 b4 14. Nce2 Qa5 15. Kb1 e5 16. g5 Be6 17. b3 Nxd4 18. Nxd4 cxd4 19. Qd2 Rac8 20. Bh3 f5 21. h5 Kg7 22. Ne2 Qc5 23. f4 a5 24. fxe5 dxe5 25. hxg6 hxg6 26. Rh2 Rh8 27. Rdh1 Qc6 28. Ng3 f4 29. Ne2 Bxh3 30. Rxh3 Rxh3 31. Rxh3 Qe6 32. Ng1 Qg4 33. Qh2 Kf7 34. Nf3 Ke6 35. Qh1 Kd6 36. Kb2 a4 37. Rh7 a3+ 38. Kc1 Rc7 39. Rf7 Nd5 40. Rf8 Ne3 41. Rf6+ Kc5 42. Qh8 Qc8 43. Rf8 Qe6 44. Re8 Re7 45. Qf8 Kd6 46. Ra8 Qd7 47. Rd8 1-0

[Event "Goiania-ch Phase 04 "]
[Site "Goiania"]
[Date "2013.11.08"]
[Round "1"]
[White "De Miranda, Alexandre Pinto"]
[Black "Santos, Luciano da Silva"]
[Result "1-0"]
[WhiteElo "2087"]
[BlackElo "1882"]
[PlyCount "79"]
[EventDate "2013.11.08"]
[EventType "swiss"]
[EventRounds "6"]
[EventCountry "BRA"]
[SourceTitle "EXT 2016"]
[Source "ChessBase"]
[SourceDate "2015.10.08"]
[SourceVersion "1"]
[SourceVersionDate "2015.10.08"]
[SourceQuality "1"]

1. Nf3 f5 2. d4 Nf6 3. Bf4 e6 4. g3 d5 5. Bg2 Bd6 6. 0-0 0-0 7. c4 c6 8. Nbd2 Ne4 9. Bxd6 Qxd6 10. Ne5 Nd7 11. Ndf3 Ndf6 12. Ne1 Bd7 13. f3 Ng5 14. c5 Qe7 15. b4 Nf7 16. N1d3 Be8 17. a4 a6 18. Qd2 Nxe5 19. Nxe5 Nd7 20. f4 Nf6 21. Rfb1 Ne4 22. Bxe4 fxe4 23. Ra3 Qc7 24. Qa2 b6 25. e3 Rb8 26. Rc3 b5 27. axb5 axb5 28. Ra3 Bf7 29. Ra6 Rfc8 30. Rb3 Be8 31. Rba3 Rb7 32. h4 Qe7 33. Qb2 h6 34. Ra2 Kh7 35. Qc3 g5 36. hxg5 hxg5 37. Rh2+ Kg7 38. Qa1 Rcc7 39. Qf1 Ra7 40. Qh3 1-0

[Event "Goiania op"]
[Site "Goiania"]
[Date "2013.03.09"]
[Round "4"]
[White "De Miranda, Alexandre Pinto"]
[Black "Silva, Gustavo Queiroz Dos"]
[Result "1/2-1/2"]
[WhiteElo "2088"]
[BlackElo "1934"]
[PlyCount "46"]
[EventDate "2013.03.08"]
[EventType "swiss"]
[EventRounds "6"]
[EventCountry "BRA"]
[SourceTitle "EXT 2015"]
[Source "ChessBase"]
[SourceDate "2014.11.20"]
[SourceVersion "1"]
[SourceVersionDate "2014.11.20"]
[SourceQuality "1"]

1. e4 e5 2. Nf3 Nc6 3. Bb5 a6 4. Ba4 Nf6 5. 0-0 Be7 6. Re1 b5 7. Bb3 0-0 8. c3 d5 9. d4 exd4 10. e5 Ne4 11. cxd4 Bg4 12. Be3 Na5 13. Bc2 Nc4 14. Bc1 Ng5 15. Bxg5 Bxg5 16. b3 Na5 17. Qd3 g6 18. Nxg5 Qxg5 19. Qd2 Qxd2 20. Nxd2 Nc6 21. Bd1 Bxd1 22. Raxd1 Nxd4 23. Ne4 Nf3+ 1/2-1/2

[Event "Goiano-ch"]
[Site "Goiania"]
[Date "2011.12.10"]
[Round "6.2"]
[White "De Paula, Guilherme Bueno"]
[Black "De Miranda, Alexandre Pinto"]
[Result "1/2-1/2"]
[WhiteElo "2033"]
[BlackElo "2072"]
[PlyCount "117"]
[EventDate "2011.12.03"]
[EventType "tourn"]
[EventRounds "9"]
[EventCountry "BRA"]
[SourceTitle "EXT 2022"]
[Source "ChessBase"]
[SourceDate "2021.10.06"]
[SourceVersion "1"]
[SourceVersionDate "2021.10.06"]
[SourceQuality "1"]

1. g3 c5 2. Bg2 Nc6 3. e4 g6 4. f4 Bg7 5. Nf3 Nf6 6. d3 d6 7. 0-0 0-0 8. h3 d5 9. Nc3 Rb8 10. g4 dxe4 11. dxe4 Be6 12. Be3 Qa5 13. Rf2 Bxg4 14. hxg4 Nxg4 15. Re2 Rfd8 16. Qe1 Nd4 17. Bxd4 cxd4 18. Nd5 Rxd5 19. exd5 Qc5 20. Rf2 d3 21. cxd3 Bxb2 22. Rd1 Bc3 23. Qe2 Nxf2 24. Qxf2 Qxd5 25. Qxa7 Rd8 26. Qa4 b5 27. Qb3 Qc5+ 28. Kf1 Rd6 29. d4 Bxd4 30. Nxd4 Rxd4 31. Rxd4 Qxd4 32. Qxb5 Qa1+ 33. Kf2 Qxa2+ 34. Qe2 Qxe2+ 35. Kxe2 f5 36. Bd5+ Kg7 37. Kf3 Kf6 38. Bg8 h6 39. Bd5 g5 40. Bc6 gxf4 41. Kxf4 e5+ 42. Kf3 Kg5 43. Bd5 h5 44. Bc6 h4 45. Bd5 e4+ 46. Kg2 Kg4 47. Bc6 h3+ 48. Kf2 Kf4 49. Bb5 Kg4 50. Bc6 Kf4 51. Bb5 e3+ 52. Ke2 Kg3 53. Bc6 f4 54. Bd5 Kh2 55. Kf1 Kg3 56. Ke2 Kh2 57. Kf1 Kg3 58. Ke2 h2 59. Bc6 1/2-1/2

[Event "Goiano-ch"]
[Site "Goiania"]
[Date "2011.12.03"]
[Round "1.4"]
[White "Santos, Luciano da Silva"]
[Black "De Miranda, Alexandre Pinto"]
[Result "1-0"]
[WhiteElo "1989"]
[BlackElo "2072"]
[PlyCount "131"]
[EventDate "2011.12.03"]
[EventType "tourn"]
[EventRounds "9"]
[EventCountry "BRA"]
[SourceTitle "EXT 2022"]
[Source "ChessBase"]
[SourceDate "2021.10.06"]
[SourceVersion "1"]
[SourceVersionDate "2021.10.06"]
[SourceQuality "1"]

1. f4 c5 2. Nf3 Nc6 3. b3 Nf6 4. Bb2 g6 5. e3 Bg7 6. Be2 0-0 7. 0-0 d6 8. c4 e5 9. fxe5 Ng4 10. h3 Ngxe5 11. Nc3 Be6 12. Kh1 Nxf3 13. Bxf3 Be5 14. Na4 Bg3 15. Bxc6 bxc6 16. Qf3 Bh4 17. Qxc6 Rc8 18. Qf3 f5 19. g3 Bg5 20. Nc3 Bf6 21. Rab1 Bxc3 22. Bxc3 d5 23. Qf4 dxc4 24. bxc4 Qc7 25. Be5 Qc6+ 26. Kg1 Rcd8 27. Rb2 Bc8 28. d4 cxd4 29. Bxd4 Rfe8 30. c5 Bb7 31. Kh2 Re4 32. Qg5 Rd7 33. Rfb1 Ree7 34. Qf4 Kf7 35. Qf1 Qe4 36. Qc4+ Bd5 37. Qa6 Bc6 38. Qc4+ Bd5 39. Qc2 Qxc2+ 40. Rxc2 Be4 41. Rbb2 Bxc2 42. Rxc2 Re6 43. Kg2 Rc7 44. Kf3 Re4 45. Rb2 Ke6 46. Rb8 Kd5 47. Rb4 h5 48. h4 Rc6 49. a4 Ra6 50. Kf2 Rc6 51. Kf3 Rc7 52. a5 Rc6 53. Ke2 Ra6 54. Ra4 Kc6 55. Ra2 Kb5 56. Rb2+ Kxa5 57. Kd3 Rae6 58. Kc4 Ka6 59. Rb3 Rc6 60. Kd5 Ree6 61. Bg7 Ka5 62. Rb1 Ka6 63. Bf8 Rf6 64. Be7 Rf7 65. Kxc6 Rxe7 66. Ra1# 1-0

[Event "Goiania IRT Jao"]
[Site "Goiania"]
[Date "2010.11.??"]
[Round "2.5"]
[White "Valadao, Thiago Henrique Gom"]
[Black "De Miranda, Alexandre Pinto"]
[Result "0-1"]
[WhiteElo "1895"]
[BlackElo "2070"]
[PlyCount "103"]
[EventDate "2010.11.01"]
[EventType "swiss"]
[EventRounds "6"]
[EventCountry "BRA"]
[SourceTitle "EXT 2022"]
[Source "ChessBase"]
[SourceDate "2021.10.06"]
[SourceVersion "1"]
[SourceVersionDate "2021.10.06"]
[SourceQuality "1"]

1. e4 c5 2. Nc3 Nc6 3. d3 g6 4. g3 Bg7 5. Bg2 Nf6 6. f4 d6 7. h3 Rb8 8. Nce2 Qc7 9. Nf3 b5 10. 0-0 0-0 11. c3 b4 12. e5 dxe5 13. fxe5 Nd7 14. d4 bxc3 15. bxc3 Ba6 16. Bf4 Rb2 17. Rf2 e6 18. Nc1 Rxf2 19. Kxf2 cxd4 20. cxd4 Qb6 21. Nb3 Ncxe5 22. Be3 Nc4 23. Bc1 Rd8 24. Kg1 Nf6 25. Kh2 Ne4 26. Qc2 f5 27. Rb1 Qd6 28. Bf4 Qe7 29. Rd1 g5 30. Bc1 Qd6 31. Kh1 Qxg3 32. Rf1 Ncd6 33. Nbd2 Bxf1 34. Nxf1 Qf2 35. Qb3 Re8 36. Be3 Ng3+ 37. Nxg3 Qxg3 38. Bxg5 Ne4 39. Bh4 Qb8 40. Qc2 Rc8 41. Qe2 Rc1+ 42. Ne1 Qb1 43. Bxe4 Qxe4+ 44. Qxe4 fxe4 45. Kg2 Bxd4 46. Kf1 Bc3 47. Ke2 Bxe1 48. Bxe1 Rxe1+ 49. Kxe1 Kf7 50. Ke2 Kf6 51. Ke3 Kf5 52. h4 0-1

[Event "Rio de Janeiro Brazil op"]
[Site "Rio de Janeiro"]
[Date "2010.02.20"]
[Round "2"]
[White "De Miranda, Alexandre Pinto"]
[Black "Barbosa, Evandro Amorim"]
[Result "1/2-1/2"]
[WhiteElo "2079"]
[BlackElo "2379"]
[PlyCount "64"]
[EventDate "2010.02.19"]
[EventType "swiss"]
[EventRounds "6"]
[EventCountry "BRA"]
[SourceTitle "CBM 134 Extra"]
[Source "ChessBase"]
[SourceDate "2010.03.03"]
[SourceVersion "1"]
[SourceVersionDate "2010.03.03"]
[SourceQuality "1"]

1. e4 c5 2. Nf3 Nc6 3. Nc3 e6 4. d4 cxd4 5. Nxd4 Qc7 6. Be3 a6 7. Qd2 Nf6 8. f3 Bb4 9. a3 Be7 10. Nxc6 bxc6 11. Na4 Rb8 12. c4 0-0 13. Bd3 d6 14. 0-0 e5 15. b4 Qd8 16. Rfd1 Bb7 17. c5 d5 18. Qe2 a5 19. Nb6 d4 20. Bf2 Nd7 21. Nc4 axb4 22. axb4 Ra8 23. Bg3 Qc7 24. Qb2 Qb8 25. Rxa8 Bxa8 26. Qa3 h5 27. Ra1 h4 28. Be1 Bb7 29. Na5 Qc8 30. Qa4 Qc7 31. Bd2 Rb8 32. Bc4 Rf8 1/2-1/2

[Event "Natal op-B 7th"]
[Site "Natal"]
[Date "2010.??.??"]
[Round "1"]
[White "Cardoso, Cicero Assuncao Jr"]
[Black "De Miranda, Alexandre Pinto"]
[Result "1-0"]
[WhiteElo "1872"]
[BlackElo "2079"]
[PlyCount "145"]
[EventDate "2010.02.12"]
[EventType "swiss"]
[EventRounds "9"]
[EventCountry "BRA"]
[SourceTitle "EXT 2012"]
[Source "ChessBase"]
[SourceDate "2011.11.24"]
[SourceVersion "1"]
[SourceVersionDate "2011.11.24"]
[SourceQuality "1"]

1. Nf3 c5 2. c4 Nf6 3. g3 e6 4. Bg2 Be7 5. Nc3 0-0 6. 0-0 d6 7. b3 a6 8. Bb2 Qc7 9. d4 cxd4 10. Qxd4 Nc6 11. Qd3 b6 12. Rac1 Qd7 13. Rfd1 Bb7 14. Na4 Qc7 15. a3 Rfd8 16. Qe3 Nd7 17. b4 a5 18. b5 Ncb8 19. Bh3 Nc5 20. Nxc5 bxc5 21. Rd2 Bf8 22. Qd3 h6 23. e4 Nd7 24. Nh4 Nb6 25. Bg2 Rd7 26. Bc3 g5 27. Nf3 Bg7 28. Bxg7 Kxg7 29. Rcd1 Rad8 30. Ne1 e5 31. Nc2 Re7 32. Ne3 Bc8 33. Qe2 Be6 34. Rc2 Qc8 35. Qh5 Qd7 36. h4 f6 37. Bf3 Qe8 38. hxg5 hxg5 39. Kg2 Qxh5 40. Bxh5 Red7 41. Bg4 Bxg4 42. Nxg4 Rh8 43. Ne3 Kg6 44. Rcd2 Rhd8 45. g4 Nc8 46. Nd5 Rh8 47. Rh1 Rxh1 48. Kxh1 Kf7 49. f3 Ne7 50. Nb6 Rd8 51. Rh2 Kg7 52. Na4 Ng6 53. Rd2 Nf4 54. b6 Ne6 55. Rb2 Nd4 56. Kg2 Rb8 57. Nc3 Kf7 58. Kg3 Kg7 59. Nd5 Ne6 60. Kf2 Rb7 61. Ke3 Nf8 62. Kd3 Nd7 63. Rb5 a4 64. Kc3 Rb8 65. b7 Rh8 66. Kd3 Nb8 67. Ra5 Rh3 68. Ke3 Nc6 69. Rxa4 Rh2 70. Nc3 Rc2 71. Nb5 Nd4 72. b8Q Re2+ 73. Kd3 1-0

[Event "Natal op-B 7th"]
[Site "Natal"]
[Date "2010.??.??"]
[Round "3"]
[White "De Freitas, Julio Eimard"]
[Black "De Miranda, Alexandre Pinto"]
[Result "0-1"]
[WhiteElo "1849"]
[BlackElo "2079"]
[PlyCount "118"]
[EventDate "2010.02.12"]
[EventType "swiss"]
[EventRounds "9"]
[EventCountry "BRA"]
[SourceTitle "EXT 2012"]
[Source "ChessBase"]
[SourceDate "2011.11.24"]
[SourceVersion "1"]
[SourceVersionDate "2011.11.24"]
[SourceQuality "1"]

1. d4 Nf6 2. c4 e6 3. Nf3 b6 4. g3 Bb4+ 5. Bd2 Qe7 6. Bg2 Bb7 7. Nc3 0-0 8. 0-0 Bxc3 9. Bxc3 Ne4 10. Rc1 d6 11. Qd3 Nxc3 12. Rxc3 f5 13. Nd2 Bxg2 14. Kxg2 Nd7 15. f4 Rae8 16. e4 g6 17. Re1 c5 18. Nf3 Nf6 19. exf5 gxf5 20. dxc5 bxc5 21. Rb3 Ne4 22. Nd2 Nf6 23. Qf3 Rb8 24. Ree3 Qd7 25. Qe2 Rxb3 26. Rxb3 Qc6+ 27. Qf3 d5 28. cxd5 exd5 29. Nc4 Qa6 30. Na3 Re8 31. Rb5 c4 32. h3 Qe6 33. Nc2 Qe2+ 34. Qf2 Qd1 35. Nd4 Re4 36. Rb8+ Kf7 37. Rb7+ Kg6 38. Nf3 Re2 39. Ne5+ Kh6 40. Nf7+ Kg7 41. Ne5+ Kf8 42. Rf7+ Ke8 43. Rxf6 Rxf2+ 44. Kxf2 Qc2+ 45. Kf3 Qxb2 46. Rxf5 c3 47. Nd3 Qb5 48. Re5+ Kd8 49. Ke3 Qc4 50. a3 d4+ 51. Ke4 c2 52. Rd5+ Ke8 53. Rxd4 Qc6+ 54. Ke5 c1Q 55. Nxc1 Qxc1 56. f5 Qe3+ 57. Re4 Qxg3+ 58. Kf6+ Kf8 59. Rc4 Qg7+ 0-1

[Event "Goiania CXNH 2nd"]
[Site "Goiania"]
[Date "2007.03.09"]
[Round "7"]
[White "De Miranda, Alexandre Pinto"]
[Black "Oliveira, Tiago Batista"]
[Result "1/2-1/2"]
[WhiteElo "2030"]
[BlackElo "2066"]
[PlyCount "120"]
[EventDate "2007.03.03"]
[EventType "tourn"]
[EventRounds "9"]
[EventCountry "BRA"]
[SourceTitle "EXT 2022"]
[Source "ChessBase"]
[SourceDate "2021.10.06"]
[SourceVersion "1"]
[SourceVersionDate "2021.10.06"]
[SourceQuality "1"]

1. e4 c5 2. Nc3 Nc6 3. g3 g6 4. Bg2 Bg7 5. d3 d6 6. f4 Nd4 7. Nf3 Bg4 8. h3 Bxf3 9. Bxf3 e6 10. Bg2 Ne7 11. Ne2 Ndc6 12. 0-0 0-0 13. g4 f5 14. Ng3 Qd7 15. c3 b5 16. gxf5 exf5 17. Qb3+ Kh8 18. Qxb5 Rab8 19. Qa4 d5 20. exd5 Nxd5 21. Qc4 Nce7 22. Qxc5 Rfc8 23. Qf2 Nxc3 24. bxc3 Bxc3 25. Be3 Bxa1 26. Rxa1 Qxd3 27. Bxa7 Rb1+ 28. Rxb1 Qxb1+ 29. Kh2 Qd3 30. Qd4+ Qxd4 31. Bxd4+ Kg8 32. a3 Rc4 33. Ne2 Kf7 34. Bf3 Ke6 35. Be5 Ra4 36. Bb2 Kd6 37. Kg3 Kc5 38. Nc3 Rd4 39. Be2 Rd2 40. Na4+ Kc6 41. Kf2 Nd5 42. Bc3 Rxe2+ 43. Kxe2 Kb5 44. Be5 Kxa4 45. Bd6 Nc3+ 46. Ke3 Nb5 47. Bf8 Kb3 48. Kd3 Nxa3 49. Kd4 Nb5+ 50. Ke5 Kc4 51. Kf6 Nd4 52. Bh6 Kd5 53. Kg7 Ke4 54. Kxh7 Ne6 55. Kxg6 Nxf4+ 56. Bxf4 Kxf4 57. h4 Kg4 58. h5 f4 59. h6 f3 60. h7 f2 1/2-1/2